000 00932nam a2200217 a 4500
003 BD-JhCC
005 20240313102841.0
008 190806s2013 bg a|||| |||| 000 0 ben d
020 _a9840751204
035 _a(BD-JhCC)
040 _aBD-JhCC
_dBD-JhCC
041 _aben
082 _a398.1
_bBAN 2013
245 _aবাংলা একাডেমী বাংলাদেশের লোকজ সংস্কৃতি গ্রন্থমালা :
_bমেহেরপুর /
_cসম্পাদনায় শামসুজ্জামান খান
260 _aঢাকা :
_bবাংলা একাডেমী,
_c২০১৩.
300 _a312 পৃ. :
_bচিত্রাবলী সংযোজিত;
_c২২ সেমি.
504 _aগ্রন্থপঞ্জি সংবলিত
650 _aFolklore
700 _aখান, শামসুজ্জামান
942 _2ddc
_cBK
999 _c13642
_d13642